Fuzzy randomness : uncertainty in civil engineering (Record no. 490899)

MARC details
000 -LEADER
fixed length control field 00570nam a2200193Ia 4500
008 - FIXED-LENGTH DATA ELEMENTS--GENERAL INFORMATION
fixed length control field 210417s9999 xx 000 0 und d
020 ## - INTERNATIONAL STANDARD BOOK NUMBER
International Standard Book Number 9781781545911
-- 178154591X
082 ## - DEWEY DECIMAL CLASSIFICATION NUMBER
Classification number 624 YAN
Item number 22.624 YAN
245 #0 - TITLE STATEMENT
Title Fuzzy randomness : uncertainty in civil engineering
Statement of responsibility, etc. Fuzzy randomness uncertainty in civil engineering
250 ## - EDITION STATEMENT
Remainder of edition statement "xi, 296 p. : ill. ; 26 cm., hbk."
260 ## - PUBLICATION, DISTRIBUTION, ETC.
Place of publication, distribution, etc. London
Name of publisher, distributor, etc. Auris Reference Limited
Date of publication, distribution, etc. 2016
700 ## - ADDED ENTRY--PERSONAL NAME
Personal name "Yang, Yuanlong "
Numeration Yuanlong Yang and Fangmeng Zheng
Holdings
Withdrawn status Lost status Source of classification or shelving scheme Damaged status Not for loan Home library Current library Shelving location Date acquired Total Checkouts Full call number Barcode Date last seen Price effective from Koha item type
    Dewey Decimal Classification     Anna Centenary Library Anna Centenary Library 6TH FLOOR, A WING 17.04.2021   624 YAN 611522 09.02.2026 17.04.2021 Books

Find us on the map